Evolución de los derechos políticos de la mujer en Costa Rica /
Status político de la mujer en Costa Rica. Estudia la evolución histórica de los derechos políticos femeninos, la evolución jurídica y la situación actual de estos derechos en el ordenamiento jurídico, legal costarricense./ACM
Guardado en:
| Autor principal: | |
|---|---|
| Formato: | Tesis |
| Publicado: |
San José:
Universidad de Costa Rica
|
| Materias: | |
| Etiquetas: |
Agregar Etiqueta
Sin Etiquetas, Sea el primero en etiquetar este registro!
|
MARC
| LEADER | 00000 a a2200000 04500 | ||
|---|---|---|---|
| 001 | 19880 | ||
| 003 | |||
| 040 | |a CRAI/IIS |c CRAI/IIS | ||
| 090 | |a 08068.00 | ||
| 100 | |a Rivera Bustamante, Tirza Emilia | ||
| 245 | |a Evolución de los derechos políticos de la mujer en Costa Rica / |c Tirza Emilia Rivera Bustamante | ||
| 260 | |a San José: |b Universidad de Costa Rica | ||
| 300 | |a 207 páginas | ||
| 502 | |a Tesis (Licenciada en Derecho) -- Universidad de Costa Rica. Facultad de Derecho, 1977 | ||
| 520 | |a Status político de la mujer en Costa Rica. Estudia la evolución histórica de los derechos políticos femeninos, la evolución jurídica y la situación actual de estos derechos en el ordenamiento jurídico, legal costarricense./ACM | ||
| 650 | |a COSTA RICA | ||
| 650 | |a DERECHOS DE LA MUJER | ||
| 650 | |a PARTICIPACION POLITICA | ||
| 650 | |a LEGISLACION | ||
| 650 | |a MUJERES | ||
| 999 | |c 17936 |d 17936 | ||
